| 000 | 00648nam a2200229 a 4500 | ||
|---|---|---|---|
| 001 | 155711 | ||
| 003 | OSt | ||
| 005 | 20210927105823.0 | ||
| 008 | 180328 ### HIN | ||
| 020 | _a9780415586177 | ||
| 082 |
_a333.790951 _bM34C |
||
| 100 | _aMarketos, Thrassy N. | ||
| 245 |
_aChina's energy geopolitics : the Shanghai Cooperation Organization and Central Asia _cby Thrassy N Marketos |
||
| 260 |
_aLondon _bRoutledge _c2010 |
||
| 300 | _a167p. | ||
| 653 | _aChina | ||
| 653 | _aDiplomatic relations | ||
| 653 | _aShanghai Cooperation Organisation | ||
| 653 | _aEnergy policy | ||
| 653 | _aGeopolitics | ||
| 942 |
_2ddc _cBK |
||
| 999 |
_c18151 _d18151 |
||